00651nam a22002057a 450000500170000001000130001702000220003003500130005203700160006504000120008108200160009310000190010924501240012826000380025227000510029030000240034165000150036565000440038070000210042420170124110052.0 aB-182236 c110.00a817556833 aB-182236 bCen Lib/Ret aDPLbEN a615.19bGUP aGupta, Shailey aPragati's pharmaceutical chemistry-III :cby Shailey Gupta [and] Naveen Singhal bpharmaceutical organic chemistry-II / aMeerut bPragati Prakashan c2005 bMeerut a62, new market, begum bridge e250001 aiv, 246p.c22cm(Hb) aChemistry  aFundamentals xPharmaceutical analysis  aSinghal, Naveen